The queen's : (Registro nro. 10363)

Detalles MARC
000 -LIDER
fixed length control field 00551nam a22002057a 4500
001 - NÚMERO DE CONTROL
Identificador de número de control 0002578
003 - IDENTIFICACDOR DE NÚMERO DE CONTROL
control field DO-SdBNP
005 - DATE AND TIME OF LATEST TRANSACTION
control field 20160610151346.0
007 - CAMPOS FIJOS DE DESCRIPCIÓN FÍSICA
fixed length control field 0002587
008 - ELEMENTOS DE LONGITUD FIJA
fixed length control field 160610b 1969 nyu xxu||||| |||| 00| 0 spa d
020 ## - ISBN
International Standard Book Number 0449202283
040 ## - FUENTE DE CATALOGACIÓN
Agencia que crea de manera original el registro BPMSU
Idioma de catalogación spa
Agencia que realiza la transcripción BPMSU
092 ## - LOCALLY ASSIGNED DEWEY DECIMAL CALL NUMBER
Número de clasificación xxxx
Número de ítem (Cutter) xxxx
100 1# - ASIENTO PRINCIPAL -- NOMBRE PERSONAL
Nombre personal Holt, Victoria
245 10 - MENCIÓN DE TITULO
Título The queen's :
Subtítulo confession /
Mención de responsabilidad Victoria Holt.
260 ## - PUBLICACIÓN, DISTRIBUCIÓN, ETC. (PIE DE IMPRENTA)
Lugar de publicación, distribución, etc New York :
Nombre del editor, distribuidor, etc. Fawcett Crest,
Fecha de publicación, distribución, etc 1969.
300 ## - DESCRIPCIÓN FÍSICA
Extensión 443 p. ;
Dimensiones 18 cm.
942 ## - ADDED ENTRY ELEMENTS (KOHA)
Source of classification or shelving scheme Dewey Decimal Classification
Koha item type Libros
956 ## - LOCAL ELECTRONIC LOCATION AND ACCESS (OCLC)
Método de acceso LOPEREZ
Materiales especificados 10
Enlace 20160610
Campo enlazado y núm. de secuencia BPMSU
Nombre de host 00041
Existencias
Withdrawn status Lost status Source of classification or shelving scheme Damaged status Not for loan Collection code Home library Current library Date acquired Source of acquisition Total Checkouts Barcode Date last seen Price effective from Koha item type
    Dewey Decimal Classification       Biblioteca Pública Metropolitana Salomé Ureña Biblioteca Pública Metropolitana Salomé Ureña 06/10/2016 FUND   BPMSU16060165 06/10/2016 06/10/2016 Libros